[Event "HUN-chT2 Erkel 1718"]
[Site "Hungary"]
[Date "2017.12.17"]
[Round "6.11"]
[White "Benkovics, Pal"]
[Black "Varkonyi, Peter"]
[Result "0-1"]
[WhiteElo "1848"]
[BlackElo "1878"]
[PlyCount "70"]
[EventDate "2017.09.24"]
[EventType "team-tourn"]
[EventRounds "11"]
[EventCountry "HUN"]
[SourceTitle "EXT 2021"]
[Source "ChessBase"]
[SourceDate "2020.10.23"]
[SourceVersion "1"]
[SourceVersionDate "2020.10.23"]
[SourceQuality "1"]
[WhiteTeam "Szigetszentmiklos"]
[BlackTeam "Salgotarjan"]
[WhiteTeamCountry "HUN"]
[BlackTeamCountry "HUN"]

1. d4 Nf6 2. c4 e6 3. Nf3 b6 4. Nc3 Ba6 5. e3 Be7 6. Bd3 d5 7. cxd5 Bxd3 8. Qxd3 exd5 9. 0-0 0-0 10. e4 dxe4 11. Nxe4 Nbd7 12. b3 Nxe4 13. Qxe4 Nf6 14. Qc6 Qd5 15. Qxc7 Bd6 16. Qc4 Qh5 17. Bb2 Rac8 18. Qd3 Nd5 19. Ne5 f6 20. Qf3 Qxf3 21. Nxf3 Rc2 22. Bc1 Re8 23. Nd2 Nc3 24. Nc4 Bb8 25. a3 Ne2+ 26. Kh1 Nxd4 27. Ne3 Re2 28. Rb1 Nc6 29. Nc4 Ne5 30. Nxe5 Bxe5 31. Be3 Rc2 32. Rfd1 Re7 33. g3 Kf7 34. Kg2 Bb2 35. a4 Rxe3 0-1

[Event "HUN-chT2 Maroczy 1516"]
[Site "Hungary"]
[Date "2016.04.17"]
[Round "9.7"]
[White "Havasi, Janos"]
[Black "Benkovics, Pal"]
[Result "1-0"]
[WhiteElo "2149"]
[BlackElo "1823"]
[PlyCount "49"]
[EventDate "2015.10.18"]
[EventType "team-tourn"]
[EventRounds "9"]
[EventCountry "HUN"]
[SourceTitle "EXT 2017"]
[Source "ChessBase"]
[SourceDate "2016.10.25"]
[SourceVersion "1"]
[SourceVersionDate "2016.10.25"]
[SourceQuality "1"]
[WhiteTeam "Vasas"]
[BlackTeam "Szigetszentmiklos"]
[WhiteTeamCountry "HUN"]
[BlackTeamCountry "HUN"]

1. e4 e6 2. d4 b6 3. Be3 Bb7 4. f3 Nh6 5. Bd3 f5 6. Nd2 fxe4 7. Nxe4 Nf5 8. Bf2 Be7 9. Qe2 0-0 10. 0-0-0 a5 11. c3 Na6 12. Qc2 d5 13. Ng3 g6 14. Re1 Qd7 15. Nh3 c5 16. Qe2 Kf7 17. Kb1 cxd4 18. Nxf5 exf5 19. Bxd4 Nc5 20. Bb5 Qd6 21. Qd2 Bc6 22. Bxc6 Qxc6 23. Qh6 Ra7 24. Qxh7+ Ke8 25. Nf4 1-0

[Event "HUN-chT2 Maroczy 1516"]
[Site "Hungary"]
[Date "2016.03.20"]
[Round "7.11"]
[White "Piroska, Istvan"]
[Black "Benkovics, Pal"]
[Result "1-0"]
[WhiteElo "2085"]
[BlackElo "1823"]
[PlyCount "49"]
[EventDate "2015.10.18"]
[EventType "team-tourn"]
[EventRounds "9"]
[EventCountry "HUN"]
[SourceTitle "EXT 2017"]
[Source "ChessBase"]
[SourceDate "2016.10.25"]
[SourceVersion "1"]
[SourceVersionDate "2016.10.25"]
[SourceQuality "1"]
[WhiteTeam "Penzugyor"]
[BlackTeam "Szigetszentmiklos"]
[WhiteTeamCountry "HUN"]
[BlackTeamCountry "HUN"]

1. e4 e6 2. d4 d5 3. Nc3 Nf6 4. Bg5 Be7 5. e5 Nfd7 6. Bxe7 Qxe7 7. f4 0-0 8. Nf3 a6 9. Bd3 h6 10. 0-0 c5 11. Qd2 cxd4 12. Nxd4 Nc5 13. Rae1 Nxd3 14. Qxd3 Qc5 15. Nce2 Nc6 16. c3 Bd7 17. Rf3 Ne7 18. Kh1 b5 19. a3 Rac8 20. Ng3 Qc4 21. Qe3 g6 22. f5 Kh7 23. f6 Nf5 24. Ngxf5 exf5 25. Qxh6+ 1-0

[Event "HUN-chT2 Erkel 1213"]
[Site "Hungary"]
[Date "2012.10.07"]
[Round "2.10"]
[White "Benkovics, Pal"]
[Black "Medve, Mark"]
[Result "1/2-1/2"]
[WhiteElo "1921"]
[BlackElo "1976"]
[PlyCount "134"]
[EventDate "2012.09.16"]
[EventType "team-tourn"]
[EventRounds "11"]
[EventCountry "HUN"]
[SourceTitle "EXT 2014"]
[Source "ChessBase"]
[SourceDate "2013.11.20"]
[SourceVersion "1"]
[SourceVersionDate "2013.11.20"]
[SourceQuality "1"]
[WhiteTeam "Szigetszentmiklos"]
[BlackTeam "BEAC II"]
[WhiteTeamCountry "HUN"]
[BlackTeamCountry "HUN"]

1. d4 d5 2. c4 c6 3. e3 Nf6 4. Nf3 e6 5. Bd3 Nbd7 6. 0-0 dxc4 7. Bxc4 b5 8. Bd3 Bb7 9. Nc3 a6 10. a3 c5 11. Qe2 Be7 12. Rd1 Qc7 13. dxc5 Nxc5 14. Bc2 Nce4 15. Nxe4 Nxe4 16. Nd4 0-0 17. f3 Nf6 18. b4 Rac8 19. Bb2 Rfd8 20. Rac1 Qb8 21. e4 Bd6 22. g3 h5 23. f4 Ba8 24. e5 Qb7 25. Nf3 Bf8 26. exf6 Qxf3 27. Qxf3 Bxf3 28. Rxd8 Rxd8 29. Kf2 Bd5 30. Ke3 g6 31. Bd4 Rc8 32. Bb2 Bd6 33. h3 Bg2 34. g4 Bxh3 35. gxh5 gxh5 36. Bh7+ Kxh7 37. Rxc8 e5 38. Ra8 exf4+ 39. Kf2 Bg4 40. Rxa6 Bb8 41. Ra8 Bc7 42. Bd4 Bd6 43. Rd8 Bc7 44. Rd5 Kg6 45. Rxb5 h4 46. Be5 h3 47. Bxc7 h2 48. Kg2 f3+ 49. Kxh2 f2 50. Kg2 Be2 51. Kxf2 Bxb5 52. Ke3 Kxf6 53. Kd4 Ke6 54. Kc5 Ba4 55. Kb6 Kd7 56. Bf4 Kc8 57. Ka5 Bc6 58. a4 Kb7 59. b5 Bd7 60. Kb4 f5 61. Kc5 Be8 62. Be3 f4 63. Bxf4 Bd7 64. Be3 Bg4 65. a5 Be2 66. a6+ Ka8 67. a7 Kb7 1/2-1/2

[Event "HUN-chT2 Erkel 1112"]
[Site "Hungary"]
[Date "2011.09.25"]
[Round "1.9"]
[White "Nagy, Karoly"]
[Black "Benkovics, Pal"]
[Result "1-0"]
[WhiteElo "2122"]
[BlackElo "1939"]
[PlyCount "83"]
[EventDate "2011.09.25"]
[EventType "team-tourn"]
[EventRounds "11"]
[EventCountry "HUN"]
[SourceTitle "EXT 2013"]
[Source "ChessBase"]
[SourceDate "2012.11.22"]
[SourceVersion "1"]
[SourceVersionDate "2012.11.22"]
[SourceQuality "1"]
[WhiteTeam "Ujszasz"]
[BlackTeam "Szigetszentmiklos"]
[WhiteTeamCountry "HUN"]
[BlackTeamCountry "HUN"]

1. e4 e6 2. c4 b6 3. Nc3 Bb7 4. d4 Bb4 5. Bd3 f5 6. d5 exd5 7. exd5 Nf6 8. Qe2+ Kf7 9. Bxf5 Re8 10. Be3 b5 11. Nf3 bxc4 12. d6 Bxc3+ 13. bxc3 cxd6 14. Qxc4+ Bd5 15. Qf4 Qc7 16. 0-0 Nc6 17. Ng5+ Kg8 18. Rfd1 Re5 19. Nxh7 Nxh7 20. Bxh7+ Kxh7 21. Rxd5 Rb8 22. h3 Kg8 23. Rad1 Rf8 24. Qc4 Rxd5 25. Rxd5 Rf6 26. Rxd6+ Kf8 27. Rxf6+ gxf6 28. Bh6+ Ke7 29. Qg8 Qb8 30. Qxb8 Nxb8 31. g4 d5 32. Kg2 Ke6 33. Be3 a6 34. f4 Nd7 35. Kf3 f5 36. g5 Kf7 37. Ke2 Nf8 38. h4 Kg6 39. Kd3 Ne6 40. c4 dxc4+ 41. Kxc4 Nc7 42. a4 1-0

[Event "Balatonlelle op-B"]
[Site "Balatonlelle "]
[Date "2005.06.22"]
[Round "5"]
[White "Rabovszky, Gyorgy"]
[Black "Benkovics, Pal"]
[Result "0-1"]
[WhiteElo "2019"]
[BlackElo "1848"]
[PlyCount "70"]
[EventDate "2005.06.18"]
[EventType "swiss"]
[EventRounds "9"]
[EventCountry "HUN"]
[SourceTitle "EXT 2008"]
[Source "ChessBase"]
[SourceDate "2007.11.25"]
[SourceVersion "1"]
[SourceVersionDate "2007.11.25"]
[SourceQuality "1"]

1. e4 e6 2. d4 d5 3. Nd2 Nf6 4. e5 Nfd7 5. Bd3 b6 6. f4 Ba6 7. Ndf3 Bxd3 8. Qxd3 Nc6 9. Bd2 Na5 10. Bxa5 bxa5 11. Ne2 c5 12. 0-0 c4 13. Qd2 Bb4 14. c3 Be7 15. g4 Nb6 16. f5 Kd7 17. Ng3 Kc7 18. Qf4 Kb7 19. Nd2 Qc7 20. Rf2 Raf8 21. b3 Ka8 22. Qe3 h6 23. Raf1 Bg5 24. Qe2 cxb3 25. Nxb3 Nc4 26. Kg2 Ne3+ 27. Kh3 Nxf1 28. Qxf1 Be7 29. Qa6 Qb6 30. Qd3 f6 31. fxe6 fxe5 32. Rxf8+ Rxf8 33. Qg6 e4 34. Nf5 Qb5 35. Nxe7 Qf1+ 0-1

[Event "HUN-chT2 Breyer 0203"]
[Site "Hungary"]
[Date "2002.10.13"]
[Round "2"]
[White "Benkovics, Pal"]
[Black "Szenczy, Sandor"]
[Result "0-1"]
[WhiteElo "1840"]
[BlackElo "2116"]
[PlyCount "110"]
[EventDate "2002.09.22"]
[EventType "team"]
[EventRounds "11"]
[EventCountry "HUN"]
[SourceTitle "EXT 2009"]
[Source "ChessBase"]
[SourceDate "2008.11.26"]
[SourceVersion "1"]
[SourceVersionDate "2008.11.26"]
[SourceQuality "1"]

1. d4 Nf6 2. c4 e6 3. Nc3 d5 4. Bg5 c6 5. e3 Be7 6. Nf3 Qa5 7. Nd2 dxc4 8. Bxf6 Bxf6 9. Nxc4 Qc7 10. Bd3 Nd7 11. Qc2 h6 12. 0-0 0-0 13. b4 Nb6 14. Ne4 Be7 15. a3 Nxc4 16. Qxc4 a6 17. Rac1 Kh8 18. Bb1 Bd7 19. Qd3 f5 20. Nd2 b5 21. f4 a5 22. Nf3 axb4 23. axb4 Qd6 24. Ne5 Be8 25. Qb3 Rf6 26. Nd3 Qd5 27. Qc3 Ra4 28. Nc5 Bxc5 29. dxc5 Rg6 30. Rf2 Ra8 31. Rd2 Qf3 32. Rf1 Qh5 33. Bc2 Qh4 34. Bd1 Qf6 35. Rd4 Ra2 36. Bf3 Qe7 37. Rd6 Rf6 38. Rfd1 Ra6 39. Be2 Ra8 40. Ra1 Rxa1+ 41. Qxa1 Kh7 42. Qe5 Qa7 43. Rxe6 Rxe6 44. Qxe6 Qa1+ 45. Kf2 Qa8 46. Qxf5+ Bg6 47. Qd7 Be4 48. g4 Qa1 49. Qd1 Qf6 50. Kg3 Qc3 51. Qd4 Qe1+ 52. Kh3 Qh1 53. g5 Qg2+ 54. Kh4 Qxh2+ 55. Kg4 h5# 0-1